Giáo trình toán đại cương (Dùng cho nhóm ngành 1)
Bộ sách đươhc biên soạn theo chương trình của Đại học quốc gia gồm hai phần. Phần 1 trình bày về đại số tuyến tính và hình giải tích. Phần hai về giải tích. Cuối mỗi chương có nhiều bài tập.
Đã lưu trong:
| 主要作者: | |
|---|---|
| 格式: | 图书 |
| 语言: | Undetermined |
| 出版: |
Hà Nội
Đại học Quốc gia Hà Nội
1998
|
| 主题: | |
| 标签: |
添加标签
没有标签, 成为第一个标记此记录!
|
| Thư viện lưu trữ: | Trung tâm Học liệu Trường Đại học Cần Thơ |
|---|
| LEADER | 00975nam a2200229Ia 4500 | ||
|---|---|---|---|
| 001 | CTU_36972 | ||
| 008 | 210402s9999 xx 000 0 und d | ||
| 020 | |c 24200 | ||
| 082 | |a 512.5 | ||
| 082 | |b Qu531/T.1 | ||
| 100 | |a Đoàn, Quỳnh | ||
| 245 | 0 | |a Giáo trình toán đại cương | |
| 245 | 0 | |b (Dùng cho nhóm ngành 1) | |
| 245 | 0 | |c Đoàn Quỳnh chủ biên | |
| 260 | |a Hà Nội | ||
| 260 | |b Đại học Quốc gia Hà Nội | ||
| 260 | |c 1998 | ||
| 520 | |a Bộ sách đươhc biên soạn theo chương trình của Đại học quốc gia gồm hai phần. Phần 1 trình bày về đại số tuyến tính và hình giải tích. Phần hai về giải tích. Cuối mỗi chương có nhiều bài tập. | ||
| 650 | |a Algebras, linear,Geometry,Mathematics | ||
| 650 | |x Outlines, syllabi, etc | ||
| 904 | |i Huỳnh Mai | ||
| 980 | |a Trung tâm Học liệu Trường Đại học Cần Thơ | ||